Una voz propia : (Record no. 180076)

MARC details
000 -LEADER
campo de control de longitud fija 00869nam a2200241 i 4500
001 - NÚMERO DE CONTROL
campo de control 180076
003 - IDENTIFICADOR DE NÚMERO DE CONTROL
campo de control ES-MaACL
005 - FECHA Y HORA DE LA ÚLTIMA TRANSACCIÓN
campo de control 20260114063025.0
008 - DATOS DE LONGITUD FIJA--INFORMACIÓN GENERAL
campo de control de longitud fija 210830s2019 sp 001 p spa d
020 ## - NÚMERO INTERNACIONAL ESTÁNDAR DEL LIBRO
Número Internacional Estándar del Libro 978-84-17691-48-6
080 ## - NÚMERO DE LA CLASIFICACIÓN DECIMAL UNIVERSAL
Número de la Clasificación Decimal Universal 821.134.2-14"19"
100 1# - ENTRADA PRINCIPAL--NOMBRE DE PERSONA
Nombre de persona Casado Buendía, Juan Manuel,
Fechas asociadas al nombre 1970-
9 (RLIN) 173608
245 14 - MENCIÓN DEL TÍTULO
Título Una voz propia :
Resto del título cuarenta y ocho años soñando en prosa, pensando en verso y estos poemas como testigos de la grieta (1970-2018) /
Mención de responsabilidad, etc. Juan Manuel Casado Buendía.
250 ## - MENCION DE EDICION
Mención de edición 1ª ed.
260 ## - PUBLICACIÓN, DISTRIBUCIÓN, ETC.
Lugar de publicación, distribución, etc. Oviedo-Asturias :
Nombre del editor, distribuidor, etc. Ars Poetica,
Fecha de publicación, distribución, etc. 2019.
300 ## - DESCRIPCIÓN FÍSICA
Extensión 207 p. ;
Dimensiones 21 cm.
490 1# - MENCIÓN DE SERIE
Mención de serie Ars nova
830 1# - PUNTO DE ACCESO ADICIONAL DE SERIE-TÍTULO UNIFORME
Título uniforme Ars nova
9 (RLIN) 224592
852 4# - LOCALIZACIÓN
Ubicación ES-MaACL
Número de control de estantería A-14753
itemnumber 186986
Sublocalización o colección R.152768
Ubicación en estantería Depósito 1
Signatura antigua Olim: N-7753
Donativo/Legado Donación: Editorial
942 ## - ELEMENTOS DE ENTRADA SECUNDARIOS (KOHA)
Fuente del sistema de clasificación o colocación Clasificación decimal universal
Tipo de ítem Koha Libro impreso
Holdings
Estatus retirado Estado de pérdida Fuente del sistema de clasificación o colocación Estado de daño No para préstamo Biblioteca de origen Biblioteca actual Ubicación en estantería Fecha de adquisición Fuente de adquisición Total de préstamos Signatura topográfica completa Código de barras Visto por última vez Precio de reemplazo Tipo de ítem Koha
    Clasificación decimal universal     Biblioteca del Ateneo de Madrid Biblioteca del Ateneo de Madrid Depósito 1 30/08/2021 Donación   A-14753 1202671 23/02/2023 23/02/2023 Libro impreso